Iskolai filozófia Felső-Magyarországon
Elmentve itt :
| Szerző: | |
|---|---|
| Adatforrás: | Philobibl |
| Forrásdokumentuma: | Fórum 4.2002:2. p. 17-34. |
| Dokumentumtípus: | Cikk |
| Nyelv: | magyar |
| Kulcsszavak: | filozófiatörténet filozófia, magyar |
| Online elérés: | szabadon hozzáférhető |
| LEADER | 00506nab a2200133 c 4500 | ||
|---|---|---|---|
| 001 | bibPHI0034542 | ||
| 005 | 20211012100451.2 | ||
| 008 | 090526s2002 xo hun | ||
| 100 | 1 | |a Mészáros András | |
| 245 | 1 | 0 | |a Iskolai filozófia Felső-Magyarországon |c Mészáros András |
| 695 | |a filozófiatörténet | ||
| 695 | |a filozófia, magyar | ||
| 773 | 0 | |t Fórum |g 4.2002:2. p. 17-34. | |
| 856 | 4 | 1 | |3 Full text |u https://forumszemle.eu/2002/06/06/meszaros-andras-iskolai-filozofia-felso-magyarorszagon/ |z szabadon hozzáférhető |